[Event "FICGS class C 000143 email"]
[Site "FICGS email"]
[Date "2010.04.15"]
[Round "1"]
[White "Kech, Stephane"]
[Black "Padilla, Jesus"]
[Result "0-1"]
[WhiteElo "1800"]
[BlackElo "1800"]
[PlyCount "22"]
[EventDate "2010.??.??"]
[EventType "tourn (corr)"]
[EventRounds "6"]
[SourceTitle "Corr 2013"]
[Source "ChessBase"]
[SourceDate "2012.11.12"]
[SourceVersion "1"]
[SourceVersionDate "2012.11.12"]
[SourceQuality "1"]

1. e4 c5 2. c4 Nc6 3. g3 g6 4. f4 Bg7 5. g4 e5 6. f5 Qh4+ 7. Ke2 Nd4+ 8. Kd3 Nf6 9. h3 Qg3+ 10. Nf3 Nxf3 11. Be2 Ne1# 0-1